000 00467nam a2200205Ia 4500
005 20241216010808.0
008 181213s9999||||xx |||||||||||||| ||und||
082 _a860
_bL83
100 _aLOPEZ ALBUJAR, ENRIQUE
245 0 _aMATALACHE
250 _a0
260 _aLIMA-PERU
_bPEISA
_c1973
300 _a218 pag
_c17 cm
341 _h0
490 _v0
_a0
505 _aLITERATURA PERUANA
541 _aC
_d28-Sep-95
650 _aLITERATURA
942 _cLIBRO
999 _c24270
_d24270